|
|
|
|
| LEADER |
00000nam a22000007a 4500 |
| 005 |
20181102002659.0 |
| 007 |
cr|||| |||| |
| 008 |
181102s2015 co |||||s|||| 00||0 spa d |
| 020 |
|
|
|a 978-958-762-259-1
|
| 035 |
|
|
|a 22146
|
| 040 |
|
|
|a vLex
|
| 090 |
|
|
|c 8256
|d 8256
|
| 100 |
1 |
|
|a Cuartas Aguirre, Fernando
|
| 245 |
1 |
0 |
|a Salarios
|h [Recurso electrn̤ico] :
|b Aspectos a considerar en su administracin̤ y manejo /
|c Fernando Cuartas Aguirre
|
| 256 |
|
|
|a Servicio en ln̕ea
|
| 260 |
|
|
|a Bogot:̀
|b Ediciones de la U,
|c 2015
|
| 300 |
|
|
|a 1 recurso electrn̤ico
|
| 500 |
|
|
|a El estudio del salario que sola̕ hacerse en las universidades en dčadas pasadas era de carc̀ter filosf̤ico polt̕ico y no le daba al estudiante informacin̤ bs̀ica acerca de los instrumentos que en la vida real se utilizan para determinarlo, tutearlo o valorizarlo en los costos de las empresas.La teora̕ del valor, y en especial el valor agregado no reconocido que los marxistas llamaban plusvala̕, copaba casi por completo el temario de las conferencias. Este libro tiene una aproximacin̤ diferente al problema pues intenta presentar cinco aspectos que agotan los problemas prc̀ticos que se derivan del concepto de salario como retribucin̤ al trabajo fs̕ico o intelectual del hombre.
|
| 506 |
1 |
|
|a Disponible solo en los productos indicados
|d vLex Global
|d vLex Global (Academic Edition, excluding Law Schools)
|d vLex Global (U.S. Academic Edition, Law Schools)
|d vLex Global (U.S. Academic Edition, excluding Law Schools)
|d vLex Global (Academic Edition, Law Schools)
|
| 650 |
0 |
4 |
|a Ciencias sociales
|z Colombia
|
| 650 |
0 |
4 |
|a Administracin̤ pb︢lica
|z Colombia
|
| 740 |
0 |
|
|a vLex Libros (Servicio en ln̕ea)
|
| 856 |
4 |
0 |
|u http://vlex.com/source/salarios-aspectos-a-considerar-en-su-administracion-y-manejo-22146
|z Acceso restringido
|
| 942 |
|
|
|c BOOK
|
| 999 |
0 |
|
|a Social Sciences
|
| 999 |
0 |
|
|a Public administration
|